Iron Maiden - Iron Maiden - Statistics

General Stats
  • This quiz has been taken 30 times
  • The average score is 7 of 8
Answer Stats
Answer % Correct
Iron Maiden
100%
Prowler
96%
Charlotte the Harlot
88%
Phantom of the Opera
88%
Remember Tomorrow
84%
Running Free
84%
Transylvania
80%
Strange World
68%
No matching quizzes found
Score Distribution
Percent of People with Each Score
Percentile by Number Answered
Your Score History
You have not taken this quiz